000 00707nam a2200217Ii 4500
003 JO-AjNU
008 230605s9999||||xx |||||||||||||| ||und||
017 _a1993/7/819
040 _aJO-AjNU
_bara
_erda
_cJO-AjNU
041 _aara
050 1 4 _aAG190 1993
100 3 _aالجدع، أحمد,
_eauthor
_913000
245 0 0 _aقاموسك الثقافي : الكنز الذهبي في المعلومات العامة
250 _aط1
264 3 1 _aعمان: دار الضياء للنشر والتوزيع، 1993
300 _a171ص
336 _atext
_btxt
_2rdacontent
337 _aunmediated
_bn
_2rdamedia
338 _avolume
_bnc
_2rdacarrier
650 4 _aدوائر معارف عربية
_913001
999 _aA3121
_c6689
_d6689